000 00438nam a2200181Ia 4500
005 20250423095257.0
008 250422s9999 xx 000 0 und d
020 _a0-19-575243-0
050 _aJQ 3083 .A35/
100 _aAdigwe, Francis
245 0 _aEssentials of government for West Africa
260 _aIbadan
260 _bUniversity Press
260 _c1985
300 _a394 p
650 _aPolitical Science
942 _cBK
999 _c29783
_d29783